000 00411nam a2200157Ia 4500
008 230312s9999||||xx |||||||||||||| ||und||
020 _a0-7619-9364-9
082 _a658.45
_bVIL-M
100 _aVilanilam, J.V.
245 0 _aMore Effective Communication
260 _bResponse Books
_aNew Delhi
_c2000
300 _a238
546 _aEng.
650 _aManagement
_vIntroduction , Usage and Rhetoric
942 _cBK
999 _c431
_d431